[Event "Wch Seniors 50 28th"]
[Site "Bled"]
[Date "2018.11.18"]
[Round "1"]
[White "Kolesar, Milan"]
[Black "Araya Umana, Carlos"]
[Result "1-0"]
[WhiteElo "2198"]
[BlackElo "1870"]
[PlyCount "69"]
[EventDate "2018.11.18"]
[EventType "swiss"]
[EventRounds "11"]
[EventCountry "SLO"]
[SourceTitle "CBM 187 Extra"]
[Source "ChessBase"]
[SourceDate "2018.11.04"]
[SourceVersion "1"]
[SourceVersionDate "2018.11.04"]
[SourceQuality "1"]

1. Nf3 Nf6 2. c4 e6 3. Nc3 Be7 4. d4 d5 5. Bf4 c6 6. e3 0-0 7. h3 dxc4 8. Bxc4 Nbd7 9. 0-0 Nd5 10. Bh2 N7f6 11. Qc2 b6 12. e4 Nxc3 13. bxc3 Bb7 14. Bd3 h6 15. Rad1 Qc8 16. Qe2 Re8 17. c4 Nd7 18. Qd2 Bf6 19. e5 Be7 20. Rfe1 a5 21. Re3 Nf8 22. Be4 b5 23. c5 Rd8 24. Qc2 Nd7 25. Bf4 Nb8 26. Nh2 Na6 27. Rg3 Kf8 28. Qe2 g5 29. Be3 Ke8 30. Ng4 Qd7 31. Rc1 h5 32. Nf6+ Bxf6 33. exf6 g4 34. hxg4 e5 35. Bf5 1-0